<?xml version="1.0" encoding="UTF-8"?>
<record
    xmlns:xsi="http://www.w3.org/2001/XMLSchema-instance"
    xsi:schemaLocation="http://www.loc.gov/MARC21/slim http://www.loc.gov/standards/marcxml/schema/MARC21slim.xsd"
    xmlns="http://www.loc.gov/MARC21/slim">

  <leader>02005nam a2200313Ia 4500</leader>
  <controlfield tag="001">E9357</controlfield>
  <controlfield tag="003">IT-RoPAU</controlfield>
  <controlfield tag="008">130308s9999    xx            000 0 und d</controlfield>
  <datafield tag="040" ind1=" " ind2=" ">
    <subfield code="a">IT-RoPAU</subfield>
  </datafield>
  <datafield tag="040" ind1=" " ind2=" ">
    <subfield code="c">IT-RoPAU</subfield>
  </datafield>
  <datafield tag="041" ind1=" " ind2=" ">
    <subfield code="a">ITALIANO</subfield>
  </datafield>
  <datafield tag="100" ind1=" " ind2=" ">
    <subfield code="a">Dery Mark</subfield>
  </datafield>
  <datafield tag="100" ind1=" " ind2=" ">
    <subfield code="g">Codice Aut. SPICS: 49974</subfield>
  </datafield>
  <datafield tag="240" ind1=" " ind2=" ">
    <subfield code="a">ESCAPE VELOCITY-CYBERCULTURE AT THE END OF THE CENTURY</subfield>
  </datafield>
  <datafield tag="240" ind1=" " ind2=" ">
    <subfield code="g">Codice Tit. Orig. Spics: T3114</subfield>
  </datafield>
  <datafield tag="245" ind1=" " ind2=" ">
    <subfield code="a">Velocit&#xE0; di fuga - Cybercultura a fine millennio</subfield>
  </datafield>
  <datafield tag="245" ind1=" " ind2=" ">
    <subfield code="b">Velocita' di fuga - Cybercultura a Fine Millennio</subfield>
  </datafield>
  <datafield tag="250" ind1=" " ind2=" ">
    <subfield code="a">1a ed.</subfield>
  </datafield>
  <datafield tag="260" ind1=" " ind2=" ">
    <subfield code="a">MILANO</subfield>
  </datafield>
  <datafield tag="260" ind1=" " ind2=" ">
    <subfield code="b">Feltrinelli</subfield>
  </datafield>
  <datafield tag="260" ind1=" " ind2=" ">
    <subfield code="c">1997 [1&#xB0; Ed.:1997 - Ed.Ling.Originale:1996]</subfield>
  </datafield>
  <datafield tag="300" ind1=" " ind2=" ">
    <subfield code="a">"366 p. (prefazione: no ; testo: 366 [pagine: 0-0])"</subfield>
  </datafield>
  <datafield tag="500" ind1=" " ind2=" ">
    <subfield code="a">Viaggio Elettrizzante nelle Cyberculture. Cyberdelia: Flashback Verso Il Futuro, Controcultura, Cyberia, Tecnopaganesimo. Metal Machine Music: Cyberpunk e I Sinth Rocker in pelle Nera: Elliott Sharp, Nine Inch Nails, Sesso Morte Dio e Tecnologia, Agitpop. Guerra dei Meccanici e Spettacolo dei Robot: Mark Pauline e un Teatro delle Crudelt&#xE0; Heavy Metal, Chico Macmurtrie Verso una robotica Verde, Brett Goldstone e Alchimia nel Cassonetto dei Rifiuti, regno magico e Manicomio Pirotecnico. riti Meccanici: Body Art Cibernetica: Stelarc canta Il Corpo Obsoleto, D.A. Therrien e le Macchine per la Nuova Inquisizione. Robocopulazione: Sesso, Tecnologia, Macchine Sessuali, Riproduzione Meccanica, Costruiti per Il Piacere, Assistente per le Signore, Orgasmatic, Rapporti On Line, Sesso Nei Mud, Cybersesso, Rapporto Terminale. Politica cyborg del Corpo: Obsolescenza Corporea ed Esseri Postumani: futuro Morfato, Costruire una Donna, promesse dei Mostri, Trasgressioni, Inferno della Carne, peccato Originale, Arti Fantasma, Storie Innaturali, Rischidel Postumanesimo, Teologia del Seggiolino Eiettabile.</subfield>
  </datafield>
  <datafield tag="650" ind1=" " ind2=" ">
    <subfield code="a">SAGGI SULLA MULTIMEDIALITA'</subfield>
  </datafield>
  <datafield tag="650" ind1=" " ind2=" ">
    <subfield code="e">Codice materia Spics: 4257</subfield>
  </datafield>
  <datafield tag="942" ind1=" " ind2=" ">
    <subfield code="c">BK</subfield>
  </datafield>
  <datafield tag="957" ind1=" " ind2=" ">
    <subfield code="7">1</subfield>
  </datafield>
  <datafield tag="999" ind1=" " ind2=" ">
    <subfield code="c">90279</subfield>
    <subfield code="d">90279</subfield>
  </datafield>
  <datafield tag="999" ind1=" " ind2=" ">
    <subfield code="g">2</subfield>
  </datafield>
  <datafield tag="952" ind1=" " ind2=" ">
    <subfield code="0">0</subfield>
    <subfield code="1">0</subfield>
    <subfield code="4">0</subfield>
    <subfield code="6">E_000000000000000_9357</subfield>
    <subfield code="7">1</subfield>
    <subfield code="a">SPICS</subfield>
    <subfield code="b">SPICS</subfield>
    <subfield code="d">2013-03-08</subfield>
    <subfield code="l">0</subfield>
    <subfield code="o">E9357</subfield>
    <subfield code="r">2013-03-08 00:00:00</subfield>
    <subfield code="w">2013-03-08</subfield>
    <subfield code="y">BK</subfield>
    <subfield code="z">Progressivo inserimento:  20316 /  N. Volumi: 1 Copie: 2  / data import: 1 marzo 2013 - By Epidotti, Trombetti, Vaglietti. </subfield>
  </datafield>
</record>
